Ortografía básica de la lengua española (Registro nro. 10338)

Detalles MARC
000 -LIDER
fixed length control field 00665nam a2200253 a 4500
001 - NÚMERO DE CONTROL
Identificador de número de control 007814
003 - IDENTIFICACDOR DE NÚMERO DE CONTROL
control field DO-SdBNP
005 - DATE AND TIME OF LATEST TRANSACTION
control field 20171019091915.0
008 - ELEMENTOS DE LONGITUD FIJA
fixed length control field 0909112009 sp 000 0 spa d
020 ## - ISBN
International Standard Book Number 9789945410518
040 ## - FUENTE DE CATALOGACIÓN
Agencia que crea de manera original el registro BPMSU
Idioma de catalogación spa
Agencia que realiza la transcripción BPMSU
082 ## - NÚMERO DE CLASIFICACIÓN DECIMAL DE DEWEY
Classification number 461.52
092 ## - LOCALLY ASSIGNED DEWEY DECIMAL CALL NUMBER
Número de ítem (Cutter)
100 1# - ASIENTO PRINCIPAL -- NOMBRE PERSONAL
Nombre personal
110 ## - ASIENTO PRINCIPAL--NOMBRE CORPORATIVO
Término de relación Real Academia Española.
245 10 - MENCIÓN DE TITULO
Título Ortografía básica de la lengua española
Mención de responsabilidad
260 ## - PUBLICACIÓN, DISTRIBUCIÓN, ETC. (PIE DE IMPRENTA)
Lugar de publicación, distribución, etc Santo Domingo
Nombre del editor, distribuidor, etc. Letragráfica
Fecha de publicación, distribución, etc 2009
300 ## - DESCRIPCIÓN FÍSICA
Extensión 111p. ;
Dimensiones 23 cm.
Otros detalles físicos
650 #4 - ENCABEZAMIENTO DE MATERIA--TEMÁTICO
Término temático o nombre geográfico como elemento de entrada ESPAÑOL
Subdivisión temática general ORTOGRAFÍA
-- ENSEÑANZA
910 ## - VALIDACIÓN
Validación
942 ## - ADDED ENTRY ELEMENTS (KOHA)
Source of classification or shelving scheme Dewey Decimal Classification
Koha item type Libros
945 ## - INFORMACIÓN DE PROCESAMIENTO LOCAL
Información de procesamiento local Inventariado / 2017 VM
956 ## - LOCAL ELECTRONIC LOCATION AND ACCESS (OCLC)
Nombre de host BTAVAREZ
Número de acceso 10
Información de compresión 20171018
Inicio de sesión 0038
Existencias
Withdrawn status Lost status Source of classification or shelving scheme Damaged status Not for loan Collection code Home library Current library Date acquired Source of acquisition Total Checkouts Full call number Barcode Date last seen Koha item type
    Dewey Decimal Classification     Colección Escolar Biblioteca Pública Metropolitana Salomé Ureña Biblioteca Pública Metropolitana Salomé Ureña 10/18/2017 Donado por Rocio Morillo   461.52 BPMSU16060130 06/09/2016 Libros